LEADER 01245nam0-22004091i-450- 001 990001113030403321 005 20080317114834.0 010 $a0-521-07577-7 035 $a000111303 035 $aFED01000111303 035 $a(Aleph)000111303FED01 035 $a000111303 100 $a20001205d1970----km-y0itay50------ba 101 0 $aeng 200 1 $a<>mathematical theory of non-uniform gases$ean account of the kinetic theory of viscosity, thermal conduction and diffusion in gases$fSydney Chapman and T. G. Cowling 205 $a3rd ed. 210 $aCambridge$cUniversity Press$d1970 215 $a414 p.$cill.$d24 cm 300 $aThird edition prepared in co-operation with D. Burnett 610 0 $aLiquidi 610 0 $aGas 610 0 $aFluidi quantici 676 $a532 676 $a533 700 1$aChapman,$bSydney$017700 701 1$aCowling,$bT.G.$0336516 702 1$aBurnett,$bD. 801 0$aIT$bUNINA$gRICA$2UNIMARC 901 $aBK 912 $a990001113030403321 952 $a25-008.002$b11390$fFI1 952 $a25-008.003$b11389$fFI1 952 $a10 B I 84$b7259$fDINEL 959 $aFI1 959 $aDINEL 996 $aMathematical theory of non-uniform gases$9337223 997 $aUNINA LEADER 01298nam--2200385---450- 001 990001567130203316 005 20100111103915.0 010 $a88-495-0397-0 035 $a000156713 035 $aUSA01000156713 035 $a(ALEPH)000156713USA01 035 $a000156713 100 $a20040415d2002----km-y0itaa50------ba 101 0 $aita 102 $aIT 105 $ay|||z|||001yy 200 1 $a<> principi politici del nuovo processo civile spagnolo$fJuan Montero Aroca$gprefazione di Franco Cipriani 210 $aNapoli$bEdizioni scientifiche italiane$d2002 215 $a172 p.$d21 cm 225 2 $aBiblioteca di diritto processuale$v13 410 0$12001$aBiblioteca di diritto processuale 606 0 $aProcesso civile$ySpagna 676 $a347.4607 700 1$aMONTERO AROCA,$bJuan$0168693 702 1$aCIPRIANI,$bFranco 801 0$aIT$bsalbc$cISBD$gISBD 912 $a990001567130203316 951 $aXXVII.1. Coll. 5/ 8 (COLL. PAX 13)$b40573 G.$cXXVII.1. Coll. 5/ 8 (COLL. PAX)$d00134776 959 $aBK 969 $aGIU 979 $aMARIA$b10$c20040415$lUSA01$h1147 979 $aALESSANDRA$b90$c20040604$lUSA01$h1051 979 $aRSIAV5$b90$c20100111$lUSA01$h1039 996 $aPrincipi politici del nuovo processo civile spagnolo$9692994 997 $aUNISA